[Event "Vienna State-chC"]
[Site "Vienna"]
[Date "2011.09.13"]
[Round "4"]
[White "Zehentner, Franz"]
[Black "Schmied, Kurt"]
[Result "0-1"]
[WhiteElo "1529"]
[BlackElo "1500"]
[PlyCount "51"]
[EventDate "2011.09.10"]
[EventType "swiss"]
[EventRounds "9"]
[EventCountry "AUT"]
[SourceTitle "EXT 2013"]
[Source "ChessBase"]
[SourceDate "2012.11.22"]
[SourceVersion "1"]
[SourceVersionDate "2012.11.22"]
[SourceQuality "1"]

1. d4 Nf6 2. Nf3 e6 3. e3 c5 4. c3 Nc6 5. dxc5 Bxc5 6. Be2 Qc7 7. Nd4 0-0 8. 0-0 Rd8 9. Nd2 Ne5 10. a3 a6 11. N2f3 Bd6 12. Nxe5 Bxe5 13. Nf3 Bd6 14. c4 b6 15. b4 Bb7 16. g3 Ra7 17. Bb2 Be7 18. Rc1 Qc8 19. Bd4 b5 20. c5 Qa8 21. Nh4 d6 22. Bf3 dxc5 23. Bxb7 Qxb7 24. Qf3 Qxf3 25. Nxf3 cxd4 26. Nxd4 0-1

[Event "Vienna State-chC"]
[Site "Vienna"]
[Date "2011.09.11"]
[Round "2"]
[White "Zehentner, Franz"]
[Black "Busuioc, Alexandra"]
[Result "1/2-1/2"]
[WhiteElo "1529"]
[BlackElo "1366"]
[PlyCount "103"]
[EventDate "2011.09.10"]
[EventType "swiss"]
[EventRounds "9"]
[EventCountry "AUT"]
[SourceTitle "EXT 2013"]
[Source "ChessBase"]
[SourceDate "2012.11.22"]
[SourceVersion "1"]
[SourceVersionDate "2012.11.22"]
[SourceQuality "1"]

1. d4 d5 2. Nf3 e6 3. e3 Nf6 4. Nbd2 Bd6 5. c4 c6 6. c5 Be7 7. Ne5 Nbd7 8. Ndf3 0-0 9. Be2 Nxe5 10. Nxe5 Nd7 11. Nd3 b6 12. b4 a5 13. Bd2 Ba6 14. a3 f6 15. 0-0 e5 16. bxa5 bxc5 17. dxc5 Nxc5 18. Nxc5 Bxc5 19. Bb4 Qd6 20. Bxa6 Rxa6 21. Qb3 Bxb4 22. axb4 Rb8 23. Qd3 Raa8 24. e4 Rxb4 25. exd5 cxd5 26. Rfd1 d4 27. a6 Ra7 28. h3 Rb6 29. Rdc1 Rbxa6 30. Rc8+ Kf7 31. Rac1 Ra1 32. Qc4+ Kg6 33. Qd3+ f5 34. g4 e4 35. gxf5+ Kxf5 36. Qb5+ Kf4 37. Qh5 Qg6+ 38. Qxg6 hxg6 39. Rf8+ Kg5 40. Rxa1 Rxa1+ 41. Kg2 d3 42. Rd8 Kf5 43. f3 Ra2+ 44. Kg3 d2 45. Rd5+ Ke6 46. fxe4 Ra3+ 47. Kf4 Rxh3 48. Rxd2 Rh4+ 49. Kg5 Rxe4 50. Rf2 Re1 51. Kxg6 Rg1+ 52. Kh5 1/2-1/2